Organická analysa II

Salvato in:
Dettagli Bibliografici
Autore principale: Jureček, miroslav
Natura: Libro
Lingua:lingua imprecisata
Pubblicazione: Praha ČAV 1957
Accesso online:Visualizza in OPAC
Tags: Aggiungi Tag
Nessun Tag, puoi essere il primo ad aggiungerne!!

MARC

LEADER 00000nam a2200000 a 4500
005 20260127134030.0
008 010719s1955 xx 0 und c
035 |a vtls009143918 
039 9 |a 200709261415  |b mschk02  |y 200709261407  |z mschk02 
040 |a STUSCHK1  |b slo  |c STUSCHK1  |e AACR2 
080 |a 543.8 
100 1 |a Jureček, miroslav 
245 1 |a Organická analysa II 
260 |a Praha  |b ČAV  |c 1957 
300 |a 461 s. 
910 |a SCHK95 
999 |c 2485  |d 2485